[Event "4NCL Division 3"]
[Site "Daventry Court ENG"]
[Date "2014.05.05"]
[Round "11.119"]
[White "Jamieson, Ian M"]
[Black "Denton, John R"]
[Result "1/2-1/2"]
[WhiteElo "1982"]
[BlackElo "2032"]
[PlyCount "86"]
[EventDate "2014.05.05"]
[WhiteTeam "Cheddleton 2"]
[BlackTeam "e2e4.org.uk 3"]

1. c4 Nf6 2. g3 c5 3. Bg2 Nc6 4. Nc3 g6 5. a3 Bg7 6. Rb1 d6 7. b4 O-O 8. b5 Ne5
9. d3 Rb8 10. f4 Ned7 11. e4 b6 12. Nge2 Bb7 13. O-O e6 14. h3 h5 15. f5 Ne5
16. Bg5 Qd7 17. Qd2 exf5 18. Bxf6 Bxf6 19. exf5 Bxg2 20. Kxg2 Qb7+ 21. Nd5 Kg7
22. Nec3 Nd7 23. Ne4 Be5 24. Qg5 Rbe8 25. f6+ Kh7 26. g4 Rg8 27. Kh1 Nf8 28.
gxh5 Ne6 29. hxg6+ Rxg6 30. Qh5+ Rh6 31. Qf5+ Kh8 32. Rg1 Qd7 33. Rg7 Nf8 34.
Qxd7 Nxd7 35. Ng5 Rxf6 36. Nxf6 Bxf6 37. Rh7+ Kg8 38. Rh5 Re3 39. Rd1 Kg7 40.
Ne4 Be5 41. Rg1+ Kf8 42. Rd1 Kg7 43. Rg1+ Kf8 1/2-1/2

[Event "4NCL Division 3"]
[Site "Daventry Court ENG"]
[Date "2014.05.05"]
[Round "11.125"]
[White "Hall, John"]
[Black "Gooding, Ian"]
[Result "1-0"]
[WhiteElo "2253"]
[BlackElo "2006"]
[PlyCount "93"]
[EventDate "2014.05.05"]
[WhiteTeam "Leeds University Old Boys"]
[BlackTeam "Cambridge University 3"]

1. e4 e6 2. d4 d5 3. Nc3 Bb4 4. e5 c5 5. a3 Bxc3+ 6. bxc3 Ne7 7. Nf3 Nbc6 8. a4
Qa5 9. Bd2 O-O 10. Be2 Qc7 11. O-O Nf5 12. Bc1 Rd8 13. Ba3 b6 14. Qd2 Na5 15.
g4 Ne7 16. Qe3 Nc4 17. Bxc4 dxc4 18. dxc5 Nd5 19. Qe4 Ba6 20. Ng5 g6 21. Rfe1
h6 22. Nf3 Kg7 23. cxb6 Qxb6 24. Bc1 Bb7 25. Rb1 Qc7 26. Nd4 Rab8 27. Nb5 Nxc3
28. Bxh6+ Kh7 29. Nxc7 Bxe4 30. Rxb8 Rxb8 31. Bd2 Nd5 32. Rxe4 c3 33. Bxc3 Nxc3
34. Rc4 Rb1+ 35. Kg2 Ne2 36. h4 Re1 37. Re4 Rg1+ 38. Kh2 Re1 39. Nb5 a6 40. Nd6
Kg7 41. c4 f5 42. exf6+ Kxf6 43. Ne8+ Ke7 44. Nc7 Ng1 45. Rxe1 Nf3+ 46. Kg3
Nxe1 47. Nxa6 1-0

[Event "4NCL Division 3"]
[Site "Daventry Court ENG"]
[Date "2014.05.05"]
[Round "11.126"]
[White "Gordon-Brown, Alexander J"]
[Black "Watson, Phil R"]
[Result "1-0"]
[WhiteElo "2010"]
[BlackElo "2153"]
[PlyCount "107"]
[EventDate "2014.05.05"]
[WhiteTeam "Cambridge University 3"]
[BlackTeam "Leeds University Old Boys"]

1. d4 d5 2. c4 e6 3. Nc3 Nf6 4. Bg5 c6 5. e3 Be7 6. Nf3 O-O 7. Bd3 dxc4 8. Bxc4
Nd5 9. Bxe7 Qxe7 10. e4 Nxc3 11. bxc3 c5 12. d5 exd5 13. Bxd5 Be6 14. O-O Bxd5
15. exd5 Nd7 16. Qd3 Qd6 17. Rab1 Rab8 18. c4 Rfd8 19. Rfe1 g6 20. Ng5 Nf6 21.
a4 b6 22. g3 a6 23. Qf3 Kg7 24. Nxf7 Kxf7 25. Re6 Qxe6 26. dxe6+ Ke7 27. Qc6
Rdc8 28. Qf3 Rd8 29. g4 Rd4 30. h3 g5 31. Qc6 Ne8 32. Rxb6 Rxb6 33. Qxb6 Rxc4
34. Qb7+ Kxe6 35. Qxa6+ Nd6 36. a5 Rc1+ 37. Kg2 c4 38. Qa7 Re1 39. Qxh7 Kd5 40.
a6 Nb5 41. Qb7+ Kc5 42. a7 Nxa7 43. Qxa7+ Kb4 44. Qb6+ Ka4 45. Qb2 Re8 46. Kf3
Rc8 47. Qc3 Kb5 48. Ke2 Rd8 49. Qe5+ Ka4 50. Qc5 Re8+ 51. Kd2 Rd8+ 52. Kc3 Rd3+
53. Kxc4 Rc3+ 54. Kd4 1-0

[Event "4NCL Division 3"]
[Site "Daventry Court ENG"]
[Date "2014.05.05"]
[Round "11.127"]
[White "Birkin, Mark H"]
[Black "Chan, Nevil"]
[Result "1/2-1/2"]
[WhiteElo "1944"]
[BlackElo "2012"]
[PlyCount "95"]
[EventDate "2014.05.05"]
[WhiteTeam "Leeds University Old Boys"]
[BlackTeam "Cambridge University 3"]

1. e4 Nc6 2. Nf3 d6 3. d3 g6 4. g3 Bg7 5. Bg2 Nf6 6. O-O O-O 7. Nbd2 e5 8. Nc4
Bd7 9. h4 h6 10. a4 Qc8 11. Ne3 Nd8 12. Bd2 a5 13. Qc1 Kh7 14. Kh2 Ne6 15. Rh1
Nc5 16. b3 b6 17. Kg1 h5 18. Rb1 Rb8 19. Qe1 Ne6 20. Nd5 Nxd5 21. exd5 Nd8 22.
Bg5 f6 23. Be3 Nf7 24. Qe2 Qa6 25. Nd2 Rbe8 26. Ne4 Qc8 27. Kh2 Qd8 28. Qd2 Bh6
29. f3 Bxe3 30. Qxe3 f5 31. Nf2 Nh6 32. Nh3 f4 33. Ng5+ Qxg5 34. hxg5 fxe3 35.
gxh6 Bc8 36. Rbe1 Bb7 37. c4 Rf6 38. Rxe3 Ref8 39. g4 hxg4 40. fxg4 Kxh6 41.
Kg3+ Kg5 42. Rf3 Bc8 43. Rxf6 Rxf6 44. Bf3 Rf7 45. Rh8 Bd7 46. Rh1 Bc8 47. Rh8
Bd7 48. Rh2 1/2-1/2

[Event "4NCL Division 3"]
[Site "Daventry Court ENG"]
[Date "2014.05.05"]
[Round "11.128"]
[White "Breed, Greg J"]
[Black "Deighton, Simon"]
[Result "0-1"]
[WhiteElo "1736"]
[BlackElo "2021"]
[PlyCount "58"]
[EventDate "2014.05.05"]
[WhiteTeam "Cambridge University 3"]
[BlackTeam "Leeds University Old Boys"]

1. d4 Nf6 2. Nf3 g6 3. c4 Bg7 4. Nc3 O-O 5. e3 d6 6. Bd3 Nbd7 7. O-O e5 8. d5
Nc5 9. e4 a5 10. h3 Nh5 11. Re1 Bd7 12. Bg5 f6 13. Be3 b6 14. a3 a4 15. Bc2 Qe8
16. Qd2 f5 17. exf5 gxf5 18. Bh6 Rf6 19. Bxg7 Kxg7 20. g3 Kh8 21. Kh2 Ng7 22.
Nh4 f4 23. Ne4 Nxe4 24. Bxe4 Qh5 25. Bf3 Qh6 26. Kg2 Rg8 27. Bg4 Nf5 28. Qd1
Nxh4+ 29. gxh4 f3+ 0-1

[Event "4NCL Division 3"]
[Site "Daventry Court ENG"]
[Date "2014.05.05"]
[Round "11.129"]
[White "Bourne, Iain"]
[Black "Ivanov, George"]
[Result "1-0"]
[WhiteElo "1908"]
[BlackElo "1701"]
[PlyCount "97"]
[EventDate "2014.05.05"]
[WhiteTeam "Leeds University Old Boys"]
[BlackTeam "Cambridge University 3"]

1. d4 Nf6 2. c4 e6 3. Nc3 d5 4. cxd5 exd5 5. Bg5 Be7 6. e3 c6 7. Bd3 h6 8. Bf4
Be6 9. h3 Nbd7 10. Nge2 O-O 11. O-O Ne8 12. Bh2 Nd6 13. Nf4 Qb6 14. Nxe6 fxe6
15. Bc2 Nf6 16. Na4 Qd8 17. Nc5 Qc8 18. Nd3 Nf7 19. Ne5 Bd6 20. Qd3 Qc7 21. Ng4
Bxh2+ 22. Nxh2 e5 23. Qg6 e4 24. Ng4 Nxg4 25. Qxg4 Rae8 26. b4 Nd6 27. a4 Nc4
28. Rfc1 Qf7 29. Qe2 Re6 30. b5 Rg6 31. Bxe4 Rf6 32. Bf3 Qg6 33. Kh1 Qg5 34.
bxc6 bxc6 35. Rab1 Qh4 36. Kh2 Nb6 37. a5 Nc4 38. Rb7 Nxa5 39. Rxa7 Nc4 40. Rb1
Nd6 41. Rc7 Ne4 42. Rbb7 Rg6 43. Kg1 Ra8 44. Bxe4 Qxe4 45. f4 Ra1+ 46. Kh2 Ra3
47. Rc8+ Kh7 48. Rbb8 Rg3 49. f5 1-0

[Event "4NCL Division 3"]
[Site "Daventry Court ENG"]
[Date "2014.05.05"]
[Round "11.135"]
[White "Shepley, Julien M"]
[Black "Fegan, Chris"]
[Result "1/2-1/2"]
[WhiteElo "1991"]
[BlackElo "2055"]
[PlyCount "38"]
[EventDate "2014.05.05"]
[WhiteTeam "Guildford 4"]
[BlackTeam "BCM Rhinos (2)"]

1. e4 c5 2. Ne2 g6 3. c3 d5 4. exd5 Qxd5 5. d4 Nf6 6. Nd2 Bg7 7. Nf4 Qd8 8.
Bb5+ Bd7 9. Bxd7+ Nbxd7 10. dxc5 Nxc5 11. O-O O-O 12. Qe2 Re8 13. Nf3 e5 14.
Qc4 Rc8 15. Ne2 a6 16. Bg5 Qb6 17. Qh4 Nfe4 18. Rab1 Nxg5 19. Nxg5 h6 1/2-1/2

[Event "4NCL Division 3"]
[Site "Daventry Court ENG"]
[Date "2014.05.05"]
[Round "11.136"]
[White "Foley, John P"]
[Black "Punnett, Alan K"]
[Result "1-0"]
[WhiteElo "2017"]
[BlackElo "2056"]
[PlyCount "83"]
[EventDate "2014.05.05"]
[WhiteTeam "BCM Rhinos (2)"]
[BlackTeam "Guildford 4"]

1. d4 Nf6 2. Nf3 d5 3. Bf4 c6 4. e3 Qb6 5. Qc1 Nh5 6. Bxb8 Rxb8 7. Bd3 g6 8.
O-O Bg7 9. Nbd2 O-O 10. c4 Be6 11. Qc2 Rbc8 12. c5 Qc7 13. Ng5 Bd7 14. f4 Bf6
15. Ngf3 Ng7 16. Ne5 Bf5 17. b4 Bxe5 18. fxe5 Bxd3 19. Qxd3 f5 20. g3 Ne6 21.
h4 a5 22. a3 b5 23. a4 bxa4 24. Rxa4 axb4 25. Rxb4 Rb8 26. Rfb1 Rxb4 27. Rxb4
Rb8 28. Qb3 Rxb4 29. Qxb4 Kf7 30. Nb3 Ke8 31. Qb6 Kd7 32. Kg2 Kc8 33. Na5 Kd7
34. Qa6 Nd8 35. Kf3 h5 36. Qa8 Qc8 37. e6+ Nxe6 38. Qxc8+ Kxc8 39. Nxc6 Kd7 40.
Ne5+ Ke8 41. Nxg6 Kf7 42. Nf4 1-0

[Event "4NCL Division 3"]
[Site "Daventry Court ENG"]
[Date "2014.05.05"]
[Round "11.137"]
[White "Yiamakis, Albert"]
[Black "Richardson, Keith B"]
[Result "1/2-1/2"]
[WhiteElo "1729"]
[BlackElo "2064"]
[PlyCount "122"]
[EventDate "2014.05.05"]
[WhiteTeam "Guildford 4"]
[BlackTeam "BCM Rhinos (2)"]

1. Nf3 g6 2. g3 Bg7 3. Bg2 e5 4. d3 Nc6 5. O-O Nf6 6. c4 O-O 7. Nc3 d6 8. a3
Re8 9. Rb1 Nd4 10. Nd2 c6 11. e3 Ne6 12. b4 Ng5 13. b5 c5 14. a4 Bg4 15. Qc2
Qd7 16. Nde4 Nfxe4 17. Nxe4 Nxe4 18. dxe4 Be6 19. Rd1 Rad8 20. Ba3 Qe7 21. Rd2
f6 22. Rbd1 Bg4 23. f3 Be6 24. Rd3 Qc7 25. f4 Bf8 26. Bb2 Qf7 27. Rc1 Qc7 28.
Rd2 Be7 29. Rcd1 Qc8 30. Rf2 Rf8 31. a5 Qc7 32. Ra1 a6 33. Qa4 Ra8 34. Bc3 Qd7
35. Rb2 Rfb8 36. Bf1 Qe8 37. Rab1 Bd7 38. Qd1 Be6 39. Bd3 Qd8 40. h4 Qd7 41. f5
Bf7 42. bxa6 Rxa6 43. Rb6 Rxb6 44. Rxb6 Bd8 45. Rb5 Ra8 46. Be2 Qc6 47. Bd3 b6
48. axb6 Bxb6 49. fxg6 hxg6 50. g4 Kg7 51. g5 fxg5 52. hxg5 Rh8 53. Ba5 Bxa5
54. Rxa5 Rh5 55. Qg4 Qb6 56. Ra2 Qb3 57. Ra7 Qxd3 58. Rxf7+ Kxf7 59. Qd7+ Kf8
60. Qd8+ Kg7 61. Qd7+ Kg8 1/2-1/2

[Event "4NCL Division 3"]
[Site "Daventry Court ENG"]
[Date "2014.05.05"]
[Round "11.139"]
[White "Klein, Raimund"]
[Black "Stayt, James N"]
[Result "1/2-1/2"]
[WhiteElo "1976"]
[BlackElo "1976"]
[PlyCount "124"]
[EventDate "2014.05.05"]
[WhiteTeam "Guildford 4"]
[BlackTeam "BCM Rhinos (2)"]

1. Nf3 Nf6 2. g3 g6 3. Bg2 Bg7 4. O-O O-O 5. c4 d6 6. Nc3 c5 7. d4 Nc6 8. d5
Na5 9. Qd3 a6 10. Nd2 Rb8 11. e4 Bd7 12. Rb1 b5 13. b3 bxc4 14. Nxc4 Nxc4 15.
bxc4 Qa5 16. Bd2 Qc7 17. Rbe1 Qc8 18. Nd1 Bh3 19. Bc3 Bxg2 20. Kxg2 Nd7 21. f4
Bxc3 22. Qxc3 f6 23. Nf2 Qb7 24. Nd3 Qc7 25. Rf2 Rbe8 26. Rb2 e5 27. fxe5 fxe5
28. Reb1 Rb8 29. Qa3 Rxb2+ 30. Rxb2 Nf6 31. Qxa6 Nxe4 32. Rb7 Qc8 33. Qa7 Ng5
34. Rd7 Rf7 35. Rxf7 Nxf7 36. Nf2 Qf5 37. Qa4 h5 38. Qb3 e4 39. Qe3 Qf3+ 40.
Qxf3 exf3+ 41. Kxf3 Ne5+ 42. Ke4 Nxc4 43. a4 Kf7 44. Nd3 Kf6 45. Nc1 Na5 46.
Ne2 Nc4 47. Nc3 Na5 48. Nb5 Ke7 49. Kf4 Nc4 50. Kg5 Kf7 51. Nc3 Kg7 52. Ne4 Nb6
53. a5 Nxd5 54. Nxd6 Nb4 55. h4 Na6 56. Nc4 Nc7 57. Kf4 Kf6 58. Ne5 Na6 59.
Nd7+ Ke6 60. Nb6 Kf6 61. Nd7+ Ke6 62. Nb6 Kf6 1/2-1/2

[Event "4NCL Division 3"]
[Site "Daventry Court ENG"]
[Date "2014.05.05"]
[Round "11.140"]
[White "Mallon, Gunnar"]
[Black "Stimpson, Philip M"]
[Result "1/2-1/2"]
[WhiteElo "1717"]
[BlackElo "2003"]
[PlyCount "51"]
[EventDate "2014.05.05"]
[WhiteTeam "BCM Rhinos (2)"]
[BlackTeam "Guildford 4"]

1. c4 e5 2. Nc3 Bb4 3. e4 Nf6 4. Nge2 O-O 5. g3 a5 6. Bg2 Nc6 7. O-O d6 8. h3
h6 9. d3 Bc5 10. Kh2 Nd4 11. f4 c6 12. f5 Rb8 13. g4 Nh7 14. Nxd4 Bxd4 15. Ne2
Bc5 16. d4 exd4 17. Nxd4 Qf6 18. Nb3 Bb6 19. Nd2 Re8 20. Re1 Ng5 21. Nf1 Qe5+
22. Kh1 Bd7 23. Rb1 Re7 24. b3 Rbe8 25. Ba3 Bc5 26. Bb2 1/2-1/2

[Event "4NCL Division 3"]
[Site "Daventry Court ENG"]
[Date "2014.05.05"]
[Round "11.146"]
[White "Savage, Nicholas W"]
[Black "Walker, Andrew N"]
[Result "1/2-1/2"]
[WhiteElo "1977"]
[BlackElo "2098"]
[PlyCount "93"]
[EventDate "2014.05.05"]
[WhiteTeam "Iceni 1"]
[BlackTeam "Ashfield-Breadsall"]

1. d4 f5 2. g3 Nf6 3. Bg2 e6 4. Nf3 Be7 5. O-O O-O 6. c4 d6 7. Nc3 Qe8 8. b4
Nbd7 9. Qb3 c6 10. c5 d5 11. Bf4 Ne4 12. Nxe4 fxe4 13. Ne5 Bf6 14. f3 g5 15.
Nxd7 Bxd7 16. Be5 exf3 17. Bxf3 Qg6 18. Qd3 Qxd3 19. exd3 Bxe5 20. dxe5 Rf5 21.
d4 Raf8 22. Bg4 Rxf1+ 23. Rxf1 Rxf1+ 24. Kxf1 Kg7 25. Kf2 Kf7 26. Bh5+ Kg7 27.
Kf3 h6 28. Kg4 Kh7 29. h4 gxh4 30. Kxh4 Kg7 31. g4 Kh7 32. g5 hxg5+ 33. Kxg5
Kg7 34. Bg6 Bc8 35. Be8 Kf8 36. Bh5 Kg7 37. Be2 Bd7 38. a3 Be8 39. Bg4 Bd7 40.
a4 a6 41. Bh5 Bc8 42. Bg6 Bd7 43. Bd3 Be8 44. Bf1 Bd7 45. Be2 Be8 46. Bh5 Bd7
47. Bg6 1/2-1/2

[Event "4NCL Division 3"]
[Site "Daventry Court ENG"]
[Date "2014.05.05"]
[Round "11.148"]
[White "Botham, C Paul"]
[Black "Burke, Steven J"]
[Result "1/2-1/2"]
[WhiteElo "2032"]
[BlackElo "1999"]
[PlyCount "30"]
[EventDate "2014.05.05"]
[WhiteTeam "Iceni 1"]
[BlackTeam "Ashfield-Breadsall"]

1. d4 d5 2. Nf3 c6 3. Bf4 Nf6 4. Nbd2 Bf5 5. e3 e6 6. Bd3 Bxd3 7. cxd3 Be7 8.
h3 h6 9. O-O Nbd7 10. Nb3 O-O 11. Qc2 Nh5 12. Bh2 f5 13. Ne5 Nxe5 14. Bxe5 Nf6
15. Nc5 Bxc5 1/2-1/2

[Event "4NCL Division 3"]
[Site "Daventry Court ENG"]
[Date "2014.05.05"]
[Round "11.149"]
[White "Taylor, Robert P"]
[Black "Feavyour, John A"]
[Result "1-0"]
[WhiteElo "1909"]
[BlackElo "2047"]
[PlyCount "58"]
[EventDate "2014.05.05"]
[WhiteTeam "Ashfield-Breadsall"]
[BlackTeam "Iceni 1"]

1. d4 d5 2. Bg5 Nf6 3. Nd2 Bf5 4. e3 Nbd7 5. Ngf3 h6 6. Bh4 e6 7. Be2 Be7 8. a3
Rc8 9. b4 O-O 10. c4 Ne4 11. Bxe7 Qxe7 12. cxd5 exd5 13. Nxe4 Bxe4 14. O-O c6
15. Qb3 b6 16. Nd2 Bg6 17. Rac1 Nf6 18. Bf3 Ne4 19. Nxe4 dxe4 20. Be2 Kh7 21.
Rc3 f5 22. f4 exf3 23. Bxf3 c5 24. Rfc1 c4 25. Rxc4 Bf7 26. d5 Rxc4 27. Rxc4
Qe5 28. Qc3 Qb8 29. Rc7 Kg8 1-0

[Event "4NCL Division 3"]
[Site "Daventry Court ENG"]
[Date "2014.05.05"]
[Round "11.150"]
[White "Donaghay, Richard H"]
[Black "Graham, Neil"]
[Result "1/2-1/2"]
[WhiteElo "1960"]
[BlackElo "1847"]
[PlyCount "34"]
[EventDate "2014.05.05"]
[WhiteTeam "Iceni 1"]
[BlackTeam "Ashfield-Breadsall"]

1. e4 e5 2. Nf3 Nf6 3. Bd3 Nc6 4. c3 d5 5. exd5 Qxd5 6. Qe2 Bg4 7. Bc4 Bxf3 8.
Bxd5 Bxe2 9. Bxc6+ bxc6 10. Kxe2 Bc5 11. d3 O-O 12. Bg5 Nd5 13. Nd2 f6 14. Be3
Be7 15. Nc4 a5 16. a4 Rfb8 17. Rab1 Rb7 1/2-1/2

[Event "4NCL Division 3"]
[Site "Daventry Court ENG"]
[Date "2014.05.05"]
[Round "11.156"]
[White "Timson, Paul F"]
[Black "Cook, Michael P"]
[Result "1/2-1/2"]
[WhiteElo "2124"]
[BlackElo "2021"]
[PlyCount "27"]
[EventDate "2014.05.05"]
[WhiteTeam "Manchester Manticores 1"]
[BlackTeam "Anglian Avengers 3"]

1. d4 Nf6 2. c4 e6 3. Nc3 Bb4 4. e3 O-O 5. Nge2 d5 6. a3 Be7 7. Nf4 dxc4 8.
Bxc4 c5 9. dxc5 Qxd1+ 10. Kxd1 Bxc5 11. b4 Bd6 12. Bb2 Nc6 13. Nd3 Ne5 14. Nxe5
1/2-1/2

[Event "4NCL Division 3"]
[Site "Daventry Court ENG"]
[Date "2014.05.05"]
[Round "11.157"]
[White "Peck, Silas"]
[Black "Hamer, Martyn"]
[Result "0-1"]
[WhiteElo "1842"]
[BlackElo "2005"]
[PlyCount "126"]
[EventDate "2014.05.05"]
[WhiteTeam "Anglian Avengers 3"]
[BlackTeam "Manchester Manticores 1"]

1. e4 Nf6 2. e5 Nd5 3. Nc3 Nxc3 4. dxc3 d5 5. Nf3 Bg4 6. Bf4 c5 7. Be2 e6 8.
Qd2 Nc6 9. O-O-O Qa5 10. Kb1 b5 11. h3 Bxf3 12. Bxf3 c4 13. Bxd5 O-O-O 14. Qe2
exd5 15. e6 f6 16. a3 Be7 17. Qf3 Qb6 18. Rd2 g6 19. Rhd1 Rhe8 20. Be3 Qb7 21.
Rxd5 Rxd5 22. Rxd5 Rd8 23. Qd1 Rxd5 24. Qxd5 Nd8 25. Qd1 Nxe6 26. f3 Qd7 27.
Qe1 f5 28. Qf2 a6 29. Ka2 Qc7 30. Qd2 Qd6 31. Qf2 f4 32. Bd2 Qc5 33. Qe2 Qd5
34. Bxf4 Bc5 35. Bd2 Kd7 36. Qe1 g5 37. Qc1 Bd6 38. Qe1 Qe5 39. Qd1 Nf4 40. Qg1
Bc5 41. Qf1 Qd5 42. Bc1 h6 43. Kb1 Qe5 44. Qd1+ Ke7 45. Qf1 Qe2 46. Qxe2+ Nxe2
47. Bd2 Ke6 48. h4 Kf5 49. hxg5 hxg5 50. Ka2 Bd6 51. Be3 Nf4 52. g3 Ne2 53. g4+
Kg6 54. Kb1 Bh2 55. Ka2 Bg1 56. Bd2 Bh2 57. a4 Ng1 58. axb5 axb5 59. b3 Nxf3
60. Be3 Bd6 61. bxc4 bxc4 62. Kb2 Nh2 63. Kc1 Bf4 0-1

[Event "4NCL Division 3"]
[Site "Daventry Court ENG"]
[Date "2014.05.05"]
[Round "11.158"]
[White "Burgin, Ryan"]
[Black "Fogg, Martin"]
[Result "1-0"]
[WhiteElo "2047"]
[BlackElo "1934"]
[PlyCount "67"]
[EventDate "2014.05.05"]
[WhiteTeam "Manchester Manticores 1"]
[BlackTeam "Anglian Avengers 3"]

1. d4 Nf6 2. Nf3 e6 3. g3 d5 4. Bg2 Be7 5. O-O O-O 6. c4 c6 7. Nbd2 Nbd7 8. Qc2
Qc7 9. e4 dxe4 10. Nxe4 Nxe4 11. Qxe4 b6 12. Bf4 Bd6 13. Bxd6 Qxd6 14. Ng5 Nf6
15. Qxc6 Qxc6 16. Bxc6 Rb8 17. Rfd1 Bb7 18. Bxb7 Rxb7 19. Nf3 Rc8 20. Rac1 Kf8
21. Kf1 Rbc7 22. b3 Ke7 23. Ke2 Nd5 24. Kd2 Nf6 25. Re1 Kd6 26. h3 h6 27. Ne5
Rd8 28. b4 Ke7 29. Ke3 a6 30. a4 b5 31. cxb5 Nd5+ 32. Kf3 Rxc1 33. Rxc1 Nxb4
34. b6 1-0

[Event "4NCL Division 3"]
[Site "Daventry Court ENG"]
[Date "2014.05.05"]
[Round "11.160"]
[White "Whitehead, Mark A"]
[Black "Lamont, Richard"]
[Result "1-0"]
[WhiteElo "2006"]
[BlackElo "1964"]
[PlyCount "71"]
[EventDate "2014.05.05"]
[WhiteTeam "Manchester Manticores 1"]
[BlackTeam "Anglian Avengers 3"]

1. e4 c5 2. Nc3 g6 3. g3 Bg7 4. Bg2 Nc6 5. d3 Rb8 6. Be3 d6 7. Qd2 b5 8. Nge2
Nd4 9. O-O Bg4 10. f3 Bd7 11. Nf4 Qc8 12. Nd1 b4 13. c3 Nc6 14. Rc1 b3 15. a3
h5 16. Nf2 Ne5 17. h3 g5 18. Ne2 g4 19. hxg4 hxg4 20. fxg4 Bxg4 21. Nxg4 Qxg4
22. Rf4 Qg6 23. Rcf1 Nf6 24. Rh4 Rxh4 25. gxh4 Nfg4 26. Bf4 d5 27. d4 Nd3 28.
Ng3 e5 29. h5 Qh7 30. dxe5 Bxe5 31. Bxe5 dxe4 32. Qg5 f6 33. Qxg4 Nxb2 34. Rxf6
Nd3 35. Qe6+ Qe7 36. Qc6+ 1-0

[Event "4NCL Division 3"]
[Site "Daventry Court ENG"]
[Date "2014.05.05"]
[Round "11.165"]
[White "Williamson, Kevin J"]
[Black "Hurwitz, Ed JG"]
[Result "0-1"]
[WhiteElo "2010"]
[BlackElo "2022"]
[PlyCount "114"]
[EventDate "2014.05.05"]
[WhiteTeam "MK Phoenix 2"]
[BlackTeam "Bradford DCA Knights B"]

1. d4 d6 2. e4 Nf6 3. Nc3 c6 4. Nf3 Bg4 5. Be2 e6 6. h3 Bh5 7. Be3 d5 8. e5
Nfd7 9. O-O c5 10. dxc5 Bxf3 11. Bxf3 Nxe5 12. Be2 Nec6 13. Na4 Nd7 14. c3 Be7
15. b4 O-O 16. f4 Nf6 17. Bf3 Qc7 18. Qc2 Rad8 19. b5 Na5 20. Bd4 Nd7 21. b6
axb6 22. cxb6 Qc6 23. Be2 Nc4 24. Bd3 g6 25. Bxc4 dxc4 26. Kh1 Bf6 27. Bxf6
Nxf6 28. Rab1 Nd5 29. Rfe1 Ra8 30. Nb2 Rxa2 31. Ra1 Rxa1 32. Rxa1 Nxb6 33. Qe2
Rd8 34. Rd1 Rxd1+ 35. Nxd1 Nd5 36. Qe5 Qc7 37. Qxc7 Nxc7 38. Kg1 Nd5 39. g3 f6
40. Kf2 Kf7 41. Kf3 e5 42. fxe5 fxe5 43. h4 Ke6 44. Kg4 h6 45. Kf3 b5 46. g4
Kd6 47. Ke4 Ke6 48. Kf3 h5 49. gxh5 gxh5 50. Ke4 Nf6+ 51. Kf3 Kd5 52. Ne3+ Kc5
53. Nc2 Nd5 54. Ke4 Nxc3+ 55. Kxe5 b4 56. Kf5 b3 57. Na3 Kb4 0-1

[Event "4NCL Division 3"]
[Site "Daventry Court ENG"]
[Date "2014.05.05"]
[Round "11.166"]
[White "Gardiner, Eric D"]
[Black "Freeman, Richard CP"]
[Result "0-1"]
[WhiteElo "2025"]
[BlackElo "2037"]
[PlyCount "66"]
[EventDate "2014.05.05"]
[WhiteTeam "Bradford DCA Knights B"]
[BlackTeam "MK Phoenix 2"]

1. d4 g6 2. e4 Bg7 3. Nc3 a6 4. f4 d5 5. e5 h5 6. Nf3 Bg4 7. h3 Bxf3 8. Qxf3 e6
9. Be3 Bf8 10. O-O-O h4 11. Ne2 Nh6 12. g4 hxg3 13. Nxg3 Nf5 14. Nxf5 gxf5 15.
Bf2 Nd7 16. c4 c6 17. cxd5 cxd5 18. Kb1 Rc8 19. h4 Nb6 20. h5 Nc4 21. Bxc4 Rxc4
22. Rc1 b5 23. b3 Rxc1+ 24. Rxc1 Ba3 25. Bh4 Qxh4 26. Rc8+ Kd7 27. Rxh8 Qe1+
28. Kc2 Qc1+ 29. Kd3 Bb4 30. Qf2 Qd1+ 31. Ke3 Bc3 32. Qe2 Bxd4+ 33. Kf3 Qg1 0-1

[Event "4NCL Division 3"]
[Site "Daventry Court ENG"]
[Date "2014.05.05"]
[Round "11.167"]
[White "Martinez Villena, David"]
[Black "McCarthy, Damian"]
[Result "1/2-1/2"]
[WhiteElo "1984"]
[BlackElo "1901"]
[PlyCount "54"]
[EventDate "2014.05.05"]
[WhiteTeam "MK Phoenix 2"]
[BlackTeam "Bradford DCA Knights B"]

1. e4 c5 2. c3 d5 3. exd5 Qxd5 4. d4 Nc6 5. Nf3 Bg4 6. Be2 cxd4 7. cxd4 e6 8.
Nc3 Qa5 9. O-O Nf6 10. Be3 Bd6 11. h3 Bh5 12. Qb3 Qb4 13. Qxb4 Nxb4 14. a3 Nbd5
15. Rac1 O-O 16. Nxd5 Nxd5 17. g4 Bg6 18. Rfd1 Rac8 19. Bf1 Bc2 20. Re1 Rc7 21.
Bd2 Rfc8 22. Ne5 Bb3 23. Rxc7 Rxc7 24. Rc1 Rxc1 25. Bxc1 f6 26. Nd3 b6 27. Bd2
g5 1/2-1/2

[Event "4NCL Division 3"]
[Site "Daventry Court ENG"]
[Date "2014.05.05"]
[Round "11.168"]
[White "Nicholson, Jim WR"]
[Black "Elwin, Adrian G"]
[Result "1/2-1/2"]
[WhiteElo "2008"]
[BlackElo "1969"]
[PlyCount "88"]
[EventDate "2014.05.05"]
[WhiteTeam "Bradford DCA Knights B"]
[BlackTeam "MK Phoenix 2"]

1. d4 Nf6 2. Nf3 g6 3. Bg5 Bg7 4. Nbd2 d6 5. c3 c6 6. e4 h6 7. Bh4 O-O 8. Bd3
Nh5 9. O-O Nf4 10. Bc2 Qe8 11. a4 Bg4 12. Nc4 Nd7 13. h3 Bh5 14. Bg3 Ne6 15.
Qd3 d5 16. exd5 cxd5 17. Nce5 Nf6 18. Nd2 Nh7 19. Rae1 f5 20. f4 g5 21. fxg5
Nexg5 22. Rxf5 e6 23. Rxf8+ Nxf8 24. h4 Nf7 25. Qe3 Qe7 26. Ndf3 Re8 27. Nxf7
Bxf7 28. Ne5 Bh5 29. Rf1 Nd7 30. Qd3 Nxe5 31. dxe5 Rf8 32. Rxf8+ Bxf8 33. Qe3
Qg7 34. Bf4 Qg4 35. Bxh6 Qxh4 36. Bxf8 Kxf8 37. Qh6+ Ke7 38. Qg7+ Bf7 39. g3
Qh3 40. Qf6+ Ke8 41. Qf4 Qh5 42. Qe3 Bg6 43. Bxg6+ Qxg6 44. b4 Qb1+ 1/2-1/2

[Event "4NCL Division 3"]
[Site "Daventry Court ENG"]
[Date "2014.05.05"]
[Round "11.175"]
[White "Turner, John M"]
[Black "Selway, Richard P"]
[Result "1/2-1/2"]
[WhiteElo "2029"]
[BlackElo "2040"]
[PlyCount "73"]
[EventDate "2014.05.05"]
[WhiteTeam "Holmes Chapel"]
[BlackTeam "KJCA Knights"]

1. e4 e6 2. d4 d5 3. Nd2 Nf6 4. e5 Nfd7 5. Bd3 c5 6. c3 Nc6 7. Ne2 cxd4 8. cxd4
f6 9. exf6 Nxf6 10. Nf3 Bd6 11. O-O Qc7 12. Nc3 a6 13. Re1 O-O 14. Bg5 Bd7 15.
Qe2 Rae8 16. Qd2 h6 17. Bxf6 Rxf6 18. Bc2 Re7 19. a3 Be8 20. h3 Bh5 21. Bd1 g5
22. Ne5 Bxd1 23. Nxc6 bxc6 24. Raxd1 Ref7 25. f3 c5 26. Kh1 cxd4 27. Qxd4 Qb7
28. Re2 Bb8 29. Rde1 Qc7 30. Qg1 g4 31. Rxe6 Ba7 32. Nxd5 Rxe6 33. Nxc7 Bxg1
34. Rxe6 Bd4 35. Re4 gxf3 36. gxf3 Bxb2 37. Nxa6 1/2-1/2

[Event "4NCL Division 3"]
[Site "Daventry Court ENG"]
[Date "2014.05.05"]
[Round "11.176"]
[White "Hand, Freddie"]
[Black "Bennett, Patrick"]
[Result "0-1"]
[WhiteElo "1754"]
[BlackElo "2021"]
[PlyCount "134"]
[EventDate "2014.05.05"]
[WhiteTeam "KJCA Knights"]
[BlackTeam "Holmes Chapel"]

1. d4 Nf6 2. c4 g6 3. f3 Bg7 4. e4 O-O 5. Nc3 Nc6 6. Be3 e5 7. Nge2 d6 8. d5
Ne7 9. Qd2 Ne8 10. g4 c6 11. O-O-O cxd5 12. cxd5 f5 13. gxf5 gxf5 14. Kb1 Nf6
15. Rg1 f4 16. Bf2 Ng6 17. Nc1 Bd7 18. Nb3 a6 19. Rc1 b5 20. a3 Rf7 21. Na2 a5
22. Be1 Qb6 23. Qf2 Qxf2 24. Bxf2 a4 25. Nd2 Be8 26. Nb4 Rb7 27. Be2 Ne7 28.
Rg2 Bg6 29. Ka1 Kf7 30. Nb1 Bh6 31. Nc3 Bxe4 32. Rd1 Bg6 33. Nxb5 Rd7 34. Nc3
e4 35. Bb5 Rc7 36. Na6 Rxc3 37. bxc3 exf3 38. Rgg1 Ne4 39. Bd4 Nf5 40. Bd3 Nxd4
41. cxd4 Nc3 42. Bxg6+ hxg6 43. Rd3 Ne2 44. Nc7 Nxg1 45. Nxa8 f2 46. Rd1 Bg7
47. Nc7 Bxd4+ 48. Kb1 Nf3 49. Ne6 Be3 50. Ng5+ Nxg5 51. Kc2 Nf3 52. Kd3 Nxh2
53. Ke2 f1=Q+ 54. Rxf1 Nxf1 55. Kxf1 Bc1 56. Ke2 Bxa3 57. Kf3 g5 58. Kg2 g4 59.
Kf2 Bc5+ 60. Kf1 a3 61. Ke1 a2 62. Kd2 a1=Q 63. Kd3 Qd4+ 64. Kc2 g3 65. Kb3 g2
66. Kc2 g1=Q 67. Kb3 Qb1# 0-1